000 00556nam a2200181Ia 4500
003 LK-CoDNM
005 20240226123536.0
008 010623t1892 xxu||||| |||| 00| 1 sin d
040 _aLK-CoDNM
_dLK-CoDNM
_eLK-CoDNM
041 _asin
080 _a104 U19
100 _aGunarathna,J.P
245 _aජාතකාමර්ුතය හෙවත් නවග්‍ර‍හ යෝග පටලය
246 _aJaathakaamruthaya hewath Nawaggraha yoga patalaya
260 _bB.J.Perera
_aColombo
_c1892
300 _bDamaged
_a11p., 21 cm
942 _cBK
999 _c83555
_d83555